| 000 | 00735nam a2200193 i 4500 | ||
|---|---|---|---|
| 001 | 123617 | ||
| 003 | ES-MaACL | ||
| 005 | 20250907063105.0 | ||
| 007 | t| | ||
| 008 | 070214s1904 sp r ||||1| spa d | ||
| 100 | 1 |
_aRahola y Trémols, Federico, _d1858-1919 _995016 |
|
| 245 | 1 | 0 |
_aRelaciones comerciales entre España y América _b: conferencias dadas en el Círculo de la Unión Mercantil y en la Unión Iberoamericana / _cpor Federico Rahola. |
| 260 |
_a[S. l.] : _b[s. n.], _c1904. |
||
| 651 | 4 |
_aEspaña- _xComercio exterior- _zAmérica. _9149279 |
|
| 710 | 2 |
_aCírculo de la Unión Mercantil (Madrid) _9134324 |
|
| 710 | 2 |
_aUnión Ibero-Americana. _97037 |
|
| 852 |
_aES-MaACL _jT-1038-F-15 |
||
| 999 |
_c123617 _d123617 |
||